1971 fact and fiction : (Record no. 586493)

000 -LEADER
fixed length control field 01579cam a2200421 i 4500
001 - CONTROL NUMBER
control field 18932917
003 - CONTROL NUMBER IDENTIFIER
control field NUST
005 - DATE AND TIME OF LATEST TRANSACTION
control field 20211007123436.0
008 - FIXED-LENGTH DATA ELEMENTS--GENERAL INFORMATION
fixed length control field 160111s2016 pk af b 000 0 eng
010 ## - LIBRARY OF CONGRESS CONTROL NUMBER
LC control number 2015328253
020 ## - INTERNATIONAL STANDARD BOOK NUMBER
International Standard Book Number 978-9699837067
025 ## - OVERSEAS ACQUISITION NUMBER
Overseas acquisition number P-E-2015328253; 15
037 ## - SOURCE OF ACQUISITION
Source of stock number/acquisition Library of Congress -- Islamabad Overseas Office
038 ## - RECORD CONTENT LICENSOR
Staff Name Faiza
040 ## - CATALOGING SOURCE
Original cataloging agency DLC
Language of cataloging eng
Transcribing agency DLC
Description conventions rda
042 ## - AUTHENTICATION CODE
Authentication code lcode
043 ## - GEOGRAPHIC AREA CODE
Geographic area code a-pk---
-- a-bg---
-- a-ii---
050 00 - LIBRARY OF CONGRESS CALL NUMBER
Classification number DS395.5
Item number .A37 2016
082 ## - DEWEY DECIMAL CLASSIFICATION NUMBER
Classification number 954.92051
Author Mark AFR
100 0# - MAIN ENTRY--PERSONAL NAME
Personal name Afrasiab,
Relator term author.
9 (RLIN) 9224
245 10 - TITLE STATEMENT
Title 1971 fact and fiction :
Remainder of title views and perceptions in Pakistan, India and Bangladesh /
Statement of responsibility, etc. Afrasiab.
246 3# - VARYING FORM OF TITLE
Title proper/short title Ninteen seventy one fact and fiction
264 #1 - PRODUCTION, PUBLICATION, DISTRIBUTION, MANUFACTURE, AND COPYRIGHT NOTICE
Place of production, publication, distribution, manufacture Islamabad :
Name of producer, publisher, distributor, manufacturer CGSS Publication,
Date of production, publication, distribution, manufacture, or copyright notice 2021.
300 ## - PHYSICAL DESCRIPTION
Extent 710 pages, :
Other physical details some color illustrations ;
Dimensions 23 cm
336 ## - CONTENT TYPE
Content type term text
Content type code txt
Source rdacontent
337 ## - MEDIA TYPE
Media type term unmediated
Media type code n
Source rdamedia
338 ## - CARRIER TYPE
Carrier type term volume
Carrier type code nc
Source rdacarrier
504 ## - BIBLIOGRAPHY, ETC. NOTE
Bibliography, etc. note Includes bibliographical references (pages 613-619).
563 ## - BINDING INFORMATION
Binding note Paperback
651 #0 - SUBJECT ADDED ENTRY--GEOGRAPHIC NAME
Geographic name Bangladesh
General subdivision History
Chronological subdivision Revolution, 1971
General subdivision Public opinion.
9 (RLIN) 4793
651 #0 - SUBJECT ADDED ENTRY--GEOGRAPHIC NAME
Geographic name Pakistan
General subdivision Foreign relations
Geographic subdivision Bangladesh
General subdivision Public opinion.
9 (RLIN) 4794
651 #0 - SUBJECT ADDED ENTRY--GEOGRAPHIC NAME
Geographic name Bangladesh
General subdivision Foreign relations
Geographic subdivision Pakistan
General subdivision Public opinion.
9 (RLIN) 4795
651 #0 - SUBJECT ADDED ENTRY--GEOGRAPHIC NAME
Geographic name Pakistan
General subdivision Foreign relations
Geographic subdivision India
General subdivision Public opinion.
9 (RLIN) 4796
651 #0 - SUBJECT ADDED ENTRY--GEOGRAPHIC NAME
Geographic name India
General subdivision Foreign relations
Geographic subdivision Pakistan
General subdivision Public opinion.
9 (RLIN) 4797
906 ## - LOCAL DATA ELEMENT F, LDF (RLIN)
a 7
b cbc
c origode
d 3
e ncip
f 20
g y-gencatlg
942 ## - ADDED ENTRY ELEMENTS (KOHA)
Source of classification or shelving scheme
Koha item type Book
Holdings
Withdrawn status Lost status Source of classification or shelving scheme Damaged status Not for loan Permanent Location Current Location Date acquired Total Checkouts Full call number Barcode Date last seen Date last checked out Price effective from Koha item type Source of acquisition Total Renewals
          Central Library (CL) Central Library (CL) 10/07/2021 2 954.9205 AFR CL-D-1218 02/20/2026 03/20/2025 10/07/2021 Book    
          Central Library (CL) Central Library (CL) 01/20/2022   954.92051 AFR CL-D-1435 03/17/2026   01/20/2022 Book Donated by Afrasaib Author 1
© 2023 Central Library, National University of Sciences and Technology. All Rights Reserved.